Lord of the Rings A-Z - Statistics

General Stats
  • This quiz has been taken 109 times
  • The average score is 14 of 26
Answer Stats
Letter Hint Answer % Correct
A Also known as Strider Aragorn
100%
B Son of Denethor, Brother of Faramir Boromir
99%
F Main Ringbearer of Lord of the Rings Frodo
99%
L Elf in the Fellowship of the Ring Legolas
94%
E Treebeard's Race Ent
93%
S Main Antagonist of Lord of the Rings Sauron
87%
P Hobbit in the Fellowship of the Ring Pippin
82%
T King of Rohan, killed at the Battle of Pelennor Fields Theoden
80%
K One of the Dwarves who was killed protecting Thorin Kili
68%
C Huband of Galadriel Celeborn
67%
I Ring Bearer who said "No" to Elrond Isildur
65%
M Large forest, King Thranduil rules the woodland realm here Mirkwood
65%
D Name of the Balrog that inhabited Moria Durin's Bane
59%
H Elf of Lothlorien who aided Theoden at Helms Deep Haldir
51%
W Leader of the Nazgul Witch King of Angmar
47%
V Known as the Undying Lands Valinor
44%
Q One of the languages of the Elves Quenya
39%
J Actor who Played Gimli John Rhys-Davies
36%
R Samwise Gamgee's wife Rosie Cotton
35%
O Sword found in the troll hoard, taken by Thorin Orcrist
34%
U Giant Spider and ally of Morgoth Ungoliant
34%
N Clan of Elves first ruled by High King Finwe Noldor
26%
G Location in Mordor Gorgoroth
13%
Y Time period abbreviated to YT Years of the Trees
8%
Z Where Gandalf slew the Balrog Zirakzigil
7%
X Make up artist and appeared as one of the seven Dwarf Lords Xander Forterie
0%
No matching quizzes found
Score Distribution
Percent of People with Each Score
Percentile by Number Answered
Your Score History
You have not taken this quiz